| 000 | 03273cam a22005177i 4500 | ||
|---|---|---|---|
| 001 | 18659961 | ||
| 003 | BJBSDDR | ||
| 005 | 20250501154016.0 | ||
| 006 | a|||||r|||| 00| 0 | ||
| 007 | ta | ||
| 008 | 150615s2016 nyuab b 001 0 eng d | ||
| 010 | _a 2015944039 | ||
| 020 | _a9780316336314 (hardcover) | ||
| 020 | _a0316336319 (hardcover) | ||
| 035 | _a(OCoLC)ocn871319123 | ||
| 037 |
_a1403332 _bQBI |
||
| 040 |
_aYDXCP _beng _erda _cYDXCP _dBTCTA _dOCLCQ _dSFR _dOCLCO _dCPL _dZPP _dIK2 _dBDX _dABG _dUAB _dQBX _dOCLCF _dVP@ _dTJZ _dYT5 _dYDX _dZGV _dOMB _dOCLCQ _dOCLCO _dDLC |
||
| 041 | _aeng | ||
| 042 | _alccopycat | ||
| 043 | _an-us-ny | ||
| 050 | 1 | 4 |
_aNA 6233 _bD942o 2016 |
| 082 | 0 | 0 | _a720.483097471 |
| 100 | 1 |
_aDupré, Judith, _d1956- _941833 |
|
| 245 | 1 | 0 |
_aOne World Trade Center : _bbiography of the building / _cJudith Dupré. |
| 246 | 3 | _a1 World Trade Center | |
| 250 | _aFirst edition. | ||
| 264 | 1 |
_aNew York : _bLittle, Brown, and Company, _c2016. |
|
| 300 |
_a284 pages : _billustrations (chiefly color), maps ; _c34 cm |
||
| 336 |
_atext _btxt _2rdacontent |
||
| 337 |
_aunmediated _bn _2rdamedia |
||
| 338 |
_avolume _bnc _2rdacarrier |
||
| 504 | _aIncludes bibliographical references (pages 269-278) and index. | ||
| 505 | 0 | _aGround Zero: competing visions, 2001-2005 -- Evolution of the Tower's design, 2003-2005 -- The influence of Seven: Seven World Trade Center -- Into the blue: designing One World Trade Center -- Strong and true: engineering One World Trade Center -- High steel: building One World Trade Center -- Construction timeline: One World Trade Center -- See forever: One World Observatory -- Remembrance: The National September 11 Memorial & Museum : The 9/11 Memorial ; The Pavilion ; The 9/11 Memorial Museum -- Primeval beauty: the transportation hub -- Spiritual legacy: St. Nicholas National Shrine -- The neighborhood : 4 World Trade Center ; 3 World Trade Center ; 2 World Trade Center ; Liberty Park -- Sixteen acres: Hospitality, safety, and security. | |
| 520 |
_a"In more than 150 photographs, drawings, and plans--most never seen by the public--Judith Dupré shares the background on the rise of the building. One World Trade Center showcases the skyscraper's groundbreaking design and engineering, from the initial excavation to the final placement of the spire and captures the hope, resiliency, and pride of those who built it. The book has in-depth explorations of the innovations, including a 360 degree view from the One World Observatory."-- _cPublisher's description. |
||
| 610 | 2 | 0 | _aOne World Trade Center (World Trade Center, New York, N.Y. : 2014- ) |
| 610 | 2 | 4 |
_aWorld Trade Center (Nueva York, N.Y. : 1970-2001) _938424 |
| 650 | 0 |
_aSkyscrapers _zNew York (State) _zNew York _xDesign and construction. |
|
| 650 | 4 |
_aRascacielos _zNueva York (Estado) _xDiseño y construcción _941835 |
|
| 650 | 1 |
_aSkyscrapers _zNew York (State) _zNew York. |
|
| 650 | 4 |
_aRascacielos _zNueva York (Estado) _zNueva York. _938425 |
|
| 651 | 0 |
_aNew York (N.Y.) _xBuildings, structures, etc. |
|
| 651 | 4 |
_aNueva York (Estados Unidos) _xEdificios, estructuras, etc. _938426 |
|
| 906 |
_a7 _bcbc _ccopycat _d2 _eepcn _f20 _gy-gencatlg |
||
| 942 |
_2lcc _cBK |
||
| 999 |
_c123321 _d123321 |
||